|
|
|
|
| LEADER |
00000nam a2200000 a 4500 |
| 001 |
vtls001104322 |
| 003 |
SK-MaSNL |
| 005 |
20260302021505.0 |
| 008 |
180814s1977 xo 0 slo |
| 015 |
|
|
|a SNBA1977
|
| 035 |
|
|
|a SNK000047164
|
| 040 |
|
|
|a SNK
|b slo
|c SNK
|e AACR2
|
| 041 |
0 |
|
|a slo
|h rus
|
| 044 |
|
|
|a xo
|c SK
|
| 080 |
|
|
|a 882-3:92
|2 1981
|
| 080 |
|
|
|a 92
|2 1981
|
| 080 |
|
|
|a 92 Lermontov, Michail Jurievič
|2 1981
|
| 100 |
1 |
|
|a Gulia, Georgij Dmitrijevič,
|d 1913-1989
|4 aut
|9 123572
|
| 245 |
1 |
0 |
|a Ako žil a umrel Lermontov
|c Georgij Gulia ; [z ruského originálu preložila Naďa Szabová ; verše prebásnil Jozef Pitoňák]
|
| 250 |
|
|
|a 1. vyd.
|
| 260 |
|
|
|a Bratislava
|b Obzor
|c 1977
|e Košice
|f Východoslovenské tlačiarne
|
| 300 |
|
|
|a 287 s.
|b fotogr.
|c 20 cm
|
| 490 |
1 |
|
|a Postavy a osudy
|
| 500 |
|
|
|a Front.
|
| 600 |
1 |
7 |
|a Lermontov, Michail Jurievič,
|d 1814-1841
|2 SNKMA
|9 217826
|
| 655 |
|
7 |
|a biografie
|2 SNKPH
|9 27965
|
| 700 |
1 |
|
|a Szabová, Naďa,
|d 1926-
|4 trl
|9 201019
|
| 700 |
1 |
|
|a Pitoňák, Jozef
|4 trl
|9 278671
|
| 830 |
|
0 |
|a Postavy a osudy
|9 278553
|
| 958 |
|
|
|a OND
|
| 958 |
|
|
|a SS
|
| 958 |
|
|
|a TL
|
| 958 |
|
|
|a UP
|
| 999 |
|
|
|c 1029068
|d 1030998
|
| 952 |
|
|
|a SNK
|b SNK
|y VYP
|7 0
|p 17A1075817
|o snkSC 40187 D1
|i snkKSP 773/77
|0 0
|1 0
|4 0
|d 2014-08-01
|l 0
|r 2026-02-24 13:49:15
|w 2026-02-24
|